000 00721nam a2200253Ia 4500
005 20260429112258.0
008 260429s9999||||xx |||||||||||||| ||und||
020 _a9780367240707
041 _aEnglish
082 _a005.7
_bBUH
100 _aBühlmann, Peter
245 0 _aHandbook of Big Data /
_cPeter Bühlmann
260 _aBoca Raton :
_bChapman & Hall/CRC,
_c2016.
300 _axvi, 464 p.; hb
440 _aChapman & Hall/CRC Handbooks of Modern Statistical Methods
650 _a Computational statistics
650 _a Data analytics
650 _a Data science
650 _aBig data
700 _a Drineas, Petros
700 _a Kane, Michael
700 _a van der Laan, Mark
942 _cTB
999 _c53276
_d53276